Word Scramble - 2019 Movies - Statistics

General Stats
  • This quiz has been taken 53 times
  • The average score is 8 of 12
Answer Stats
Scramble A character from the film Answer % Correct
yot osrty 4 Forky Toy Story 4
100%
eth noil gnik Scar The Lion King
90%
lanidad Jasmine Aladdin
79%
oojj bartib Adolf Jojo Rabbit
79%
genesrav gaeedmn Thanos Avengers: Endgame
77%
roejk Murray Franklin Joker
73%
het gnyra rdbis omive 2 Chuck The Angry Birds Movie 2
71%
mobud Holt Farrier Dumbo
60%
eivksn tou Harlan Thrombey Knives Out
60%
ti hptreac wot Bill Denbrough It Chapter Two
50%
aaeistpr Kim Ki-taek Parasite
46%
peecas ormo Zoey Davis Escape Room
40%
No matching quizzes found
Score Distribution
Percent of People with Each Score
Percentile by Number Answered
Your Score History
You have not taken this quiz